1076 1246 1108 1828 1787 1281 1103 1852 1762 1077 1032 1790 1533 1646 1972 1548 1564 1747 1540 1196 1783 1351 1309 1005 1815 1447 1483 1186 1084 1745 1865 1104 1086 1101 1426 1953 1775 1095 1507 1154 1183 1169 1838 1682 1189 1979 1719 1483 1934 1430 1882 1568 1688 1741 1763 1517 1496 1612 1042 1256 1721 1285 1317 1244 1353 1609 1057 1892 1840 1941 1528 1549 1144 1358 1456 1419 1849 1616 1473 1416 1534 1061 1202 1338 1586 1645 1736 1138 1354 1067 1111 1987 1191 1126 1463 1491 1568 1590 1505 BCNSPRNW ULIB Ver.6.0+V

เปลี่ยนเป็นภาษาไทย

Change to English
 แสดงรายละเอียดบรรณานุกรม
  กลับหน้าหลัก

Brief Record : Get Marc (ISO 2709) : E-mail record : QR code < ปิดหน้าต่าง
LEADER : 00000nam 2200000uu 4500
001    13399111088
003     ULIB
008    110616s||||||||th 000 0 tha d
020    9789740416951
050  4 BF441^bม111ก 2551
100 0  มกราพันธุ์ จูฑะรสก
245 10 การคิดอย่างเป็นระบบ :^bการประยุกต์ใช้ในการเรียนการสอน =^bSystems thinking :^bteaching application]/^cเรียบเรียงโดยมกราพันธุ์ จูฑะรสก
246 30 การคิดอย่างเป็นระบบ
246 31 Systems thinking :^bteaching application
246 31 Systems thinking
250    พิมพ์ครั้งที่ 1
260    นนทบุรี :^bโครงการสวัสดิกวิชาการวิชาการ สถาบันพระบรมราชนก,^c2551
300    ก-จม; 91 หน้า ;^c21 ซม.
650  7 ทักษะทางการคิด
650  7 การวิเคราะห์ระบบ
650  7 ความคิดและการคิด
650  7 จิตวิทยาประยุกต์
710 2  สถาบันพระบรมราชนก. ^bโครงการสวัสดิกวิชาการวิชาการ
945    ^p200^l0^i025638
945    ^p200^l0^i023943
945    ^p200^l0^i023942
945    ^p200^l0^i023941
945    ^p200^l0^i025637
945    ^p200^l0^i025639
945    ^p200^l0^i023940
945    ^p200^l0^i032606
945    ^p200^l0^i032607
995    ทศพร
999 ^a ใช้งานได้ทุกระบบ
รายการนี้ยังไม่มีแท็ก
คุณยังไม่ได้ล็อกอิน คุณสามารถมีกิจกรรมร่วมกับเว็บไซต์ได้ แต่ต้องล็อกอินก่อน ::
  ล็อกอิน

รายการสื่อสารสนเทศ

ลำดับที่ ประเภท เลขเรียก/บาร์โค้ด สถานที่ สถานะ
1. การศึกษาทั่วไป
การศึกษาทั่วไป
BF441 ม111ก 2551 ฉ.5 
  Barcode: 025637
ห้องสมุดวิทยาเขตนครสวรรค์
►หนังสือทั่วไป:l:General Books
บนชั้น
2. การศึกษาทั่วไป
การศึกษาทั่วไป
BF441 ม111ก 2551 ฉ.6 
  Barcode: 025638
ห้องสมุดวิทยาเขตนครสวรรค์
►หนังสือทั่วไป:l:General Books
บนชั้น
3. การศึกษาทั่วไป
การศึกษาทั่วไป
BF441 ม111ก 2551 ฉ.7 
  Barcode: 025639
ห้องสมุดวิทยาเขตนครสวรรค์
►หนังสือทั่วไป:l:General Books
บนชั้น

รายการใกล้เคียง
    ผู้แต่ง [มกราพันธุ์ จูฑะรสก]

    หัวเรื่อง [ทักษะทางการคิด]
    หัวเรื่อง [การวิเคราะห์ระบบ]
    หัวเรื่อง [ความคิดและการคิด]
    หัวเรื่อง [จิตวิทยาประยุกต์]

BibComment


ยังไม่เคยถูกคอมเมนท์

คอมเมนท์ทรัพยากรรายการนี้
  คอมเมนท์: การคิดอย่างเป็นระ..


 Copyright 2026. Bcnsprnw @Library